000 00649nam a2200241Ia 4500
003 OSt
005 20221007081156.0
006 a|||||r|||| 00| 0
007 ta
008 221006b |||||||| |||| 00| 0 eng d
024 _a18,490
037 _cTextual
040 _aFLL
_cFLL
_beng
041 _2eng
_aeng
082 _aZ1,215, L3.3
100 _aChurchill Robin
_9696471
245 0 _aNew directions in the law of the sea
260 _aNew York
_bOceana Publications, Inc. USA
_c1973
300 _axxiv,358p
_ccm.
490 _vVol. 3
942 _hZ1,215, L3.3
_cTEXL
_2CC
999 _c1162305
_d1162305